Statistics for TV Characters A-Z

Click here to take the quiz!

General Stats

  • This quiz has been taken 25,030 times
  • The average score is 15 of 26

Answer Stats

ClueCharacter% Correct
D"Explorer" of children's TVDora
91%
ABrother of Simon & TheodoreAlvin
86%
HMiley Stewart's alter-egoHannah
86%
LHeroic collieLassie
82%
EBert's platonic life partnerErnie
80%
PSpongeBob's BFFPatrick
80%
KSpringfield's favorite clownKrusty
75%
XGreek warrior princessXena
73%
OGrouchy trash can denizenOscar
71%
JWants to know how YOU doin'Joey
71%
CDorky cousin of the Fresh PrinceCarlton
67%
BYogi's friendBoo Boo
67%
YGun-slinging Looney Tunes characterYosemite Sam
57%
QQuahog sex addictQuagmire
57%
F"That 70's Show"
exchange student
Fez
53%
GEnemy of the SmurfsGargamel
51%
U"Did I do that?", he askedUrkel
50%
NFrasier's brotherNiles
49%
MObsessive compulsive detectiveMonk
49%
SThe nerdy one on
"Saved by the Bell"
Screech
46%
RYoungest of the Huxtable childrenRudy
42%
ZLobster-like alien of FuturamaZoidberg
37%
THalf-man of "Game of Thrones"Tyrion
35%
WBuffy's witch friendWillow
32%
IWhat Bulbasaur evolves intoIvysaur
32%
VTurtle and Drama are in his entourageVince
22%

Score Distribution

Percentile by Number Answered

Percent of People with Each Score

Your Score History

You have not taken this quiz